J. Cole Quiz - Statistics

General Stats
  • This quiz has been taken 183 times
  • The average score is 6 of 10
Answer Stats
Question Answer % Correct
What's J. Coles name Jermaine Lamar Cole
95%
According to Billboard Charts, what is J. Coles most famous song Middle Child
95%
What Was J. Coles first album? The Judgement
79%
Where was J. Cole born Frankfurt, Germany
74%
When was J. Cole Born? January 28, 1985
63%
Where did J. Cole go to College at? St. Johns
63%
When did J. Cole begin rapping 12
42%
What Was J. Coles other rap name Blaza
42%
Who is J. Cole signed to? Roc Nation
37%
As of 2020 what is J. Coles Net worth $35 Million
32%
No matching quizzes found
Score Distribution
Percent of People with Each Score
Percentile by Number Answered
Your Score History
You have not taken this quiz